000 01121nam a2200289Ia 4500
003 OSt
005 20221005110550.0
006 a|||||r|||| 00| 0
007 ta
008 221004b |||||||| |||| 00| 0 kan d
020 _a9789326354189 (hbk)
_cINR 150.00
024 _a37524
037 _bBW/1692, 15/03/2018, Bookwell
_cTextual
040 _aCRL
_cCRL
_bkan
041 _2kan
_akan
082 _aO33,3N44x, 152Q6
100 _aजौली, लवलीन
245 0 _aकन्नड़ की समकालीन कहानियॉं
246 _aKannaड़ kī samakālīn kahāniyaॉan
260 _aनई दिल्ली
_bभारतीय ज्ञानपीठ भारत
_c2016
300 _a94पृ0
_ccm.
490 _aलोकोदय ग्रन्थमाला; ग्रन्थांक 1261
650 _a कन्नड़ साहित्य
650 _aकन्नड़ कहानी
942 _hO33,3N44x, 152Q6
_cTEXL
_2cc
999 _c1019223
_d1019223